Vêtements sans voyelles - Statistiques

Statistiques générales
  • Ce quiz a été pris 146 fois
  • Le résultat moyen est 18 sur 20
Statistiques - réponses
Indices Réponses % Correct
CHSSTT Chaussette
100%
PNTLN Pantalon
100%
PLL Pull
100%
GNT Gant
99%
BNNT Bonnet
98%
SWT Sweat
98%
CHMS Chemise
97%
DBRDR Débardeur
97%
SLPTT Salopette
97%
SHRT Short
97%
BXR Boxer
96%
PJM Pyjama
96%
JP Jupe
95%
T-SHRT T-Shirt
91%
FLRD Foulard
89%
RB Robe
87%
MNT Manteau
86%
GLT Gilet
75%
PL Polo
53%
CRST Corset
38%
Aucun quiz correspondant
Distribution des résultats
% des personnes avec chaque résultat
Percentile par nombre de réponses
Votre historique - résultats
Vous n’avez pas pris ce quiz